Ils sont nés un 20 août (Désolé pas eu le temps hier) - Statistiques

Statistiques générales
  • Ce quiz a été pris 33 fois
  • Le résultat moyen est 4 sur 8
Statistiques - réponses
Réponse % Correct
Laurent Fabius
74%
Anaïs
65%
Fabrice
61%
Jacques Cheminade
48%
Jean-Loup Chrétien
45%
Massimo Gargia
42%
Robert Plant
16%
Isaac Hayes
10%
Aucun quiz correspondant
Distribution des résultats
% des personnes avec chaque résultat
Percentile par nombre de réponses
Votre historique - résultats
Vous n’avez pas pris ce quiz